Normal view
MARC view
- Brophy, Jere Edward,
Entry Nombre Personal
001 - NUMERO DE CONTROL
- campo de control: 32122
003 - IDENTIFICADOR DE NUMERO DE CONTROL
- campo de control: UPN
005 - FECHA Y HORA DE LA ÜLTIMA TRANSACCIÓN
- campo de control: 20210219194430.0
008 - DATOS DE LONGITUD FIJA
- campo de control de longitud fija: nabaccnnaabn|||||||||| b |nc|||||d
035 ## - NUMERO DE CONTROL
- Número de control: UPN11000004228
040 ## - FUENTE DE CATALOGACIÓN
- Lenguaje de catalogación: SPA
- Agencia de transcripción: UPN
100 1# - ENCABEZAMIENTO - NOMBRE PERSONAL
- Nombre personal: Brophy, Jere Edward,
- Fechas asociadas con el nombre: 1940-2009
670 ## - FUENTE EN LA QUE SE LOCALIZARON DATOS
- Cita de la fuente: T
- Uniform Resource Identifier: http://www.legacy.com/obituaries/lsj/obituary.aspx?n=jere-edward-brophy&pid=134552416
680 ## - NOTA PUBLICA DE ACCESO PÚBLICO
- Frase explicativa de la referencia: Educador estadounidense
902 ## - CATALOGADOR
- Catalogador: CAA/170512
